The Developing Economies (Marzo 2021, Volumen 59, Número 1)/ Institute of Developing Economies
Guardado en:
| Autor Corporativo: | |
|---|---|
| Formato: | Libro |
| Lenguaje: | English |
| Materias: | |
| Acceso en línea: | texto completo desde el sitio de la revista |
| Etiquetas: |
Agregar Etiqueta
Sin Etiquetas, Sea el primero en etiquetar este registro!
|
MARC
| LEADER | 00000nam a22000007a 4500 | ||
|---|---|---|---|
| 003 | cru CIDCACS/IIS | ||
| 005 | 20230220135514.0 | ||
| 008 | 170419| ja ||||| |||| 00| 0 eng d | ||
| 022 | |a 00121533 | ||
| 040 | |c cru CIDCACS/IIS | ||
| 090 | |a REV0362 59 (1) 2021 | ||
| 110 | 2 | |9 4191 |a Institute of Developing Economies | |
| 245 | 1 | 4 | |a The Developing Economies (Marzo 2021, Volumen 59, Número 1)/ |b Institute of Developing Economies |
| 505 | |a ARTICLE Rent Sharing, Investment, and Collective Bargaining: Evidence from Employee-Level Data in Vietnam Thang Ngoc Bach, Canh Quang Le, Thang Van Nguyen (Pages: 3-38) Grants for Whom and Why? The Politics of Allocation of Transfers in Brazil Jorge L D. Ferreira, Alexandre F. Alves, Emilie Caldeira (Pages: 39-63) Financial Integration in Asia: A Macroeconomic Perspective Biplab Kumar Guru, Inder Sekhar Yadav (Pages: 64-101) BOOK REVIEWS Cleft Capitalism: The Social Origins of Failed Market Making in Egypt by Amr Adly Housam Darwisheh (Pages: 102-104) Distributive Politics in Malaysia: Maintaining Authoritarian Party Dominance by Hidekuni Washida Thomas B. Pepinsky (Pages: 105-108) A Political Economy of African Regionalisms: An Overview of Asymmetrical Development by Wil Hout and M. A. Mohamed Salih, Cheltenham, Edward Elgar Akiko Yanai (Pages: 108-111) Democracy at Work: Pathways to Well-Being in Brazil by Brian Wampler, Natasha Borges Sugiyama, and Michael Touchton Maggie Shum (Pages: 111-114) | ||
| 650 | 1 | 0 | |9 71 |a DESARROLLO ECONOMICO Y SOCIAL |
| 650 | 4 | |9 1840 |a DESARROLLO INDUSTRIAL | |
| 650 | 1 | 0 | |9 95 |a EXPORTACIONES |
| 650 | 1 | 0 | |9 2806 |a RELACIONES ECONOMICAS INTERNACIONALES |
| 650 | 1 | 0 | |9 93 |a AGRICULTURA |
| 856 | |u https://onlinelibrary.wiley.com/journal/17461049 |y texto completo desde el sitio de la revista | ||
| 942 | |2 ddc |c PP | ||
| 999 | |c 44767 |d 44767 | ||
| 773 | 0 | |0 19189 |9 8252 |a Institute of Developing Economies |d Tokio: IDE-JETRO |o 21936 |t The Developing Economies / |x 00121533 | |
